000 01031nam a2200217 i 4500
001 189322
003 ES-MaACL
005 20250930063200.0
008 190523s1876 sp |||| | spa d
100 1 _aCarretero y Muriel, Mariano,
_d1833-1915
_9126356
245 1 0 _aCenso general de las aguas minerales de España /
_cpor Mariano Carretero y Muriel.
260 _a[S.l. :
_bs.n.],
_c1876 (
_eMadrid :
_fImp. de F. García y D. Caravera)
300 _a57 p. ;
_c24 cm.
490 1 _aBiblioteca de "El progreso médico"
530 _aDisponible en formato digital.
650 4 _aAguas minerales-
_zEspaña.
_9135522
830 0 _aBiblioteca de "El progreso médico"
_9225809
852 _aES-MaACL
_jB-8926(11)
_z.- Legado de Federico de Botella y de Hornos
_z.- Encuadernado en un vol. facticio agrupado con el nombre en el lomo: España, geología, memorias y documentos varios 20 al 40
856 _uhttp://bdh-rd.bne.es/viewer.vm?id=0000091151&page=1
_zBiblioteca Digital Hispánica
999 _c189322
_d189322